Which Kim of North Korea? Quiz Stats

 Plays Quiz not verified by Sporcle

Score 0/15 Timer 04:00
0 Plays Today
Question Answer Wrong Answers
Which Kim began his rule of the country in only his late 20s? Kim Jong-un
79.2%
Kim Il-sung
9%
Kim Jong-il
5.6%
Which Kim was widely believed to have ordered the execution of his brother, Kim Jong-nam, in Malaysia? Kim Jong-un
75.9%
Kim Il-sung
4.9%
Kim Jong-il
12.5%
Which Kim has made friends with former NBA player Dennis Rodman? Kim Jong-un
74.8%
Kim Il-sung
3.9%
Kim Jong-il
14.3%
Which Kim's birthday is a public holiday in the country, known as the Day of the Sun? Kim Il-sung
74.5%
Kim Jong-il
12.4%
Kim Jong-un
6.4%
Which Kim attended school in Switzerland? Kim Jong-un
74.2%
Kim Il-sung
9.4%
Kim Jong-il
10.4%
Which Kim developed the ideology of Juche? Kim Il-sung
73.5%
Kim Jong-il
16.2%
Kim Jong-un
4.8%
Which Kim was given the title 'Eternal President of the Republic.' Kim Il-sung
70.6%
Kim Jong-il
15.9%
Kim Jong-un
6.8%
Which Kim, a huge film fan, ordered the kidnapping of a South Korean film director and actress? Kim Jong-il
66.5%
Kim Il-sung
10.2%
Kim Jong-un
16.7%
Which Kim was in power during the country's first nuclear test? Kim Jong-il
65.1%
Kim Il-sung
11.4%
Kim Jong-un
16.8%
Which Kim was the first North Korean leader to cross into South Korea post-Korean War? Kim Jong-un
63.6%
Kim Il-sung
12.2%
Kim Jong-il
17.6%
Which Kim's birth name was Kim Song-ju? Kim Il-sung
62.2%
Kim Jong-il
18.3%
Kim Jong-un
13.3%
Which Kim supposedly shot a 38-under round of golf, including 5 holes-in-one? Kim Jong-il
59.5%
Kim Il-sung
12%
Kim Jong-un
20.6%
Which Kim ruled the country when the American ship USS Pueblo was seized? Kim Il-sung
48.7%
Kim Jong-il
39.9%
Kimg Jong-un
5%
Which Kim created the position of Supreme Leader of North Korea? Kim Jong-il
36%
Kim Il-sung
49.4%
Kim Jong-un
8%
Which Kim was born in a small village in Russia (according to some sources)? Kim Jong-il
35.1%
Kim Il-sung
54%
Kim Jong-un
4.8%

You're not logged in!

Compare scores with friends on all Sporcle quizzes.
OR
Log In

Show Comments

Extras

Top Quizzes Today


Score Distribution

Your Account Isn't Verified!

In order to create a playlist on Sporcle, you need to verify the email address you used during registration. Go to your Sporcle Settings to finish the process.

Report this User

Report this user for behavior that violates our Community Guidelines.

Details: